| 000 | 00860nam a22002417a 4500 | ||
|---|---|---|---|
| 999 |
_c989 _d989 |
||
| 003 | AR-CdUCM | ||
| 008 | 190226b ||||| |||| 00| 0 spa d | ||
| 040 |
_aMUNICIPALIDAD PROVINCIAL DEL CUSCO _cBIBLIOTECA MUNICIPAL DEL CUSCO |
||
| 082 |
_a946 / _bR91 |
||
| 100 |
_aRubio Correa, Marcial _93515 |
||
| 245 |
_aPortugal : _bDel golpe a las elecciones / |
||
| 260 |
_aPerú : _bPerúgraph Editores S. A. ; _c1976. |
||
| 300 |
_a150 páginas _c17cm |
||
| 505 | _aAntecedentes el 25 de Abril -- Antonio de Spinola contra los Capitanes -- El MFA: de la oposición al gobierno -- Izquierda contra derecha -- El problema económico | ||
| 650 |
_aPortugal _93855 |
||
| 650 |
_adictadura _92687 |
||
| 650 |
_apolítica _9291 |
||
| 650 |
_agobierno _93819 |
||
| 650 |
_aeconomía _9382 |
||
| 710 |
_aDESCO _93190 |
||
| 942 |
_2ddc _cLIBROS |
||
| 945 |
_anom _d2019-02-26 |
||